000 01005nam a2200241Ia 4500
999 _c40530
_d40530
001 7141
003 GE_BSU
005 20231004163950.0
008 181216s2011||||ge |||||||||||||| ||geo||
020 _a9789941192500
040 _cGE_BSU
041 _ageo
080 _a821..353.1-1 ტ-15
100 _aტაბიძე, გალაკტიონ
_919997
245 _aპოეზია. ტ.1 :
_b[ხუთტომეული] /
_c გალაკტიონ ტაბიძე ;[სარედ. ჯგ. : ზ. აბაშიძე, მ. ჯანელიძე, ი. ხარჩილაძე].
264 _aთბილისი :
_bპალიტრა L,
_c2011.
300 _a336 გვ. :
_bფოტო-პორტრეტი. ;
_c20 სმ.
490 _aჩემი რჩეული
_vტ 6
_xISSN 2233-3037
541 _h8ლ.
653 _aპოეზია
700 _aაბაშიძე, ზურაბ
_eრედაქტორი
_91322
942 _cBK
_2udc